Holstein Kiel Kader 2024/25 - Statistiken

Allgemein
  • Dieses Quiz wurde 124 mal gespielt
  • Das Durchschnittsergebnis liegt bei 18 aus 27
Antwortstatistiken
Nationalität Spieler % Korrekt
Japan Shuto Machino
96%
Deutschland Timon Weiner
93%
Deutschland/England Lewis Holtby
85%
Deutschland Jann-Fiete Arp
82%
Schweden Alexander Bernhardsson
81%
Deutschland Phil Harres
81%
Deutschland Thomas Dähne
81%
USA John Tolkin
80%
Slowenien David Zec
78%
Bosnien/Schweden Armin Gigovic
76%
Österreich Benedikt Pichler
76%
Deutschland Finn Porath
72%
Deutschland Timo Becker
71%
Norwegen Magnus Knudsen
70%
Deutschland/Kroatien Marco Komenda
64%
Deutschland Lasse Rosenboom
63%
Deutschland/Eritrea Andu Kelati
61%
Deutschland Nicolai Remberg
61%
Deutschland Patrick Erras
60%
Serbien Marko Ivezic
58%
Schweden Carl Johansson
55%
Kroatien Ivan Nekic
48%
Deutschland Steven Skrzybski
46%
Polen Tymoteusz Puchacz
46%
Deutschland Marvin Schulz
40%
Slowakei Dominik Javorcek
39%
Deutschland Max Geschwill
35%
Keine übereinstimmenden Quizze gefunden
Verteilung der Resultate
Anzahl Personen mit jedem Resultat
Perzentil nach korrekt beantworteten Fragen
Ihre Resultats-Entwicklung
Sie haben dieses Quiz noch nicht gespielt